00520nam a2200169Ia 4500100002900000650002200029942000700051366000700058654002200065245003300087260002100120082001700141300000800158546001700166999001700183952015000200 aMohan/Ned/ Undeland/T/M  aPower electronics cBK f25 aPower electronics aPower Electronics:Converters bJohn wileyc2006 a621.381bMOH a802 aENGLISHcTTL c32272d32272 001040708CRCaCRCEbCRCEd2023-03-17eAllied Publishersg389.25i2373 dt 23/09/2010l0o621.381 MOHp21111r2023-03-17v519.00w0000-00-00yBK